| 000 | 00355nam a22001457a 4500 | ||
|---|---|---|---|
| 003 | OSt | ||
| 005 | 20220127155154.0 | ||
| 008 | 220127b |||||||| |||| 00| 0 eng d | ||
| 020 | _a9788177586435 | ||
| 040 | _cH U | ||
| 082 |
_27th _a621.38 |
||
| 100 |
_aFloyd _924609 |
||
| 245 |
_aElectronic Devices _bConventional Current Version |
||
| 942 |
_2ddc _cBOOKS _n0 |
||
| 999 |
_c28247 _d28247 |
||